{"text_format":"3","workbook":"xlsx","n_sheets":1,"sheets":["Worksheet"],"read":"whole","date_system":"1900"}

{"sheet":"Worksheet","index":0,"n_rows":66,"n_cols":19,"rows_kept":66}
["№","Код участника","Название ОУ","СНИЛС","Фамилия","Имя","Отчество","Пол","Дата рождения","Участник с ОВЗ","Класс","Класс участия","Балл","Макс. балл","Статус","Призер МЭ прошлого года","Учитель","Место работы учителя","Предмет"]
[788692,"601187_18046953790_26","МБОУ \"Многопрофильный лицей №187\"",18046953790,"Алиакберова","Эмилия","Илнаровна","ж","19.02.2014","нет",5,5,12,25,"участник",null,"Садыкова Лейсан Решитовна","МБОУ \"Многопрофильный лицей №187\"","Биология"]
[788693,"601187_18032622635_26","МБОУ \"Многопрофильный лицей №187\"",18032622635,"Вафина","Камилла","Артуровна","ж","19.02.2014","нет",5,5,11,25,"участник",null,"Садыкова Лейсан Решитовна","МБОУ \"Многопрофильный лицей №187\"","Биология"]
[788694,"601187_18693926238_26","МБОУ \"Многопрофильный лицей №187\"",18693926238,"Галиуллин","Амин","Ильясович","м","22.12.2014","нет",5,5,14,25,"участник",null,"Садыкова Лейсан Решитовна","МБОУ \"Многопрофильный лицей №187\"","Биология"]
[788695,"601187_17937876650_26","МБОУ \"Многопрофильный лицей №187\"",17937876650,"Хисматов","Артур","Ильшатович","м","29.01.2014","нет",5,5,14,25,"участник",null,"Садыкова Лейсан Решитовна","МБОУ \"Многопрофильный лицей №187\"","Биология"]
[788696,"601187_17547646409_26","МБОУ \"Многопрофильный лицей №187\"",17547646409,"Звонарёв","Михаил","Андреевич","м","24.01.2013","нет",6,6,14,25,"участник",null,"Садыкова Лейсан Решитовна","МБОУ \"Многопрофильный лицей №187\"","Биология"]
[788697,"601187_17645952716_26","МБОУ \"Многопрофильный лицей №187\"",17645952716,"Миндубаев","Эмин","Эдуардович","м","04.04.2013","нет",6,6,11,25,"участник",null,"Садыкова Лейсан Решитовна","МБОУ \"Многопрофильный лицей №187\"","Биология"]
[788698,"601187_18693920226_26","МБОУ \"Многопрофильный лицей №187\"",18693920226,"Шарифуллина","Арина","Айдаровна","ж","01.01.2015","нет",5,5,16,25,"участник",null,"Хуббетдинова Гульназ Масновиевна","МБОУ \"Многопрофильный лицей №187\"","Биология"]
[788699,"601187_18153845280_26","МБОУ \"Многопрофильный лицей №187\"",18153845280,"Атабаев","Азамат","Ахметович","м","07.05.2014","нет",5,5,4,25,"участник",null,"Хуббетдинова Гульназ Масновиевна","МБОУ \"Многопрофильный лицей №187\"","Биология"]
[788700,"601187_18153194568_26","МБОУ \"Многопрофильный лицей №187\"",18153194568,"Шайхетдинов","Раис","Рамилевич","м","15.05.2014","нет",5,5,11,25,"участник",null,"Хуббетдинова Гульназ Масновиевна","МБОУ \"Многопрофильный лицей №187\"","Биология"]
[788701,"601187_18273425984_26","МБОУ \"Многопрофильный лицей №187\"",18273425984,"Сафина","Эльвина","Маратовна","ж","16.07.2014","нет",5,6,9,25,"участник",null,"Хуббетдинова Гульназ Масновиевна","МБОУ \"Многопрофильный лицей №187\"","Биология"]
[788702,"601187_18463777506_26","МБОУ \"Многопрофильный лицей №187\"",18463777506,"Насртдинов","Данияр","Динарович","м","22.09.2014","нет",5,5,12,25,"участник",null,"Хуббетдинова Гульназ Масновиевна","МБОУ \"Многопрофильный лицей №187\"","Биология"]
[788703,"601187_18082470471_26","МБОУ \"Многопрофильный лицей №187\"",18082470471,"Амиров","Артур","Маратович","м","28.03.2014","нет",5,5,6,25,"участник",null,"Хуббетдинова Гульназ Масновиевна","МБОУ \"Многопрофильный лицей №187\"","Биология"]
[788704,"601187_17946162006_26","МБОУ \"Многопрофильный лицей №187\"",17946162006,"Гильманова","Дарья","Вадимовна","ж","15.12.2013","нет",5,5,7,25,"участник",null,"Хуббетдинова Гульназ Масновиевна","МБОУ \"Многопрофильный лицей №187\"","Биология"]
[788705,"601187_18188449012_26","МБОУ \"Многопрофильный лицей №187\"",18188449012,"Котов","Марк","Павлович","м","03.06.2014","нет",5,5,10,25,"участник",null,"Хуббетдинова Гульназ Масновиевна","МБОУ \"Многопрофильный лицей №187\"","Биология"]
[788706,"601187_18557718220_26","МБОУ \"Многопрофильный лицей №187\"",18557718220,"Леонтева","Софья","Даниловна","ж","06.11.2014","нет",5,5,17,25,"участник",null,"Хуббетдинова Гульназ Масновиевна","МБОУ \"Многопрофильный лицей №187\"","Биология"]
[788707,"601187_17973149522_26","МБОУ \"Многопрофильный лицей №187\"",17973149522,"Хабибрахманов","Булат","Ришатович","м","03.01.2014","нет",5,5,11,25,"участник",null,"Хуббетдинова Гульназ Масновиевна","МБОУ \"Многопрофильный лицей №187\"","Биология"]
[788708,"601187_18037974797_26","МБОУ \"Многопрофильный лицей №187\"",18037974797,"Шейченко","Владислав","Артемович","м","24.02.2014","нет",5,5,6,25,"участник",null,"Хуббетдинова Гульназ Масновиевна","МБОУ \"Многопрофильный лицей №187\"","Биология"]
[788709,"601187_18529145595_26","МБОУ \"Многопрофильный лицей №187\"",18529145595,"Садыков","Тимур","Искандерович","м","26.09.2014","нет",5,5,13,25,"участник",null,"Хуббетдинова Гульназ Масновиевна","МБОУ \"Многопрофильный лицей №187\"","Биология"]
[788710,"601187_18284463600_26","МБОУ \"Многопрофильный лицей №187\"",18284463600,"Насибуллина","Ясмина","Фанилевна","ж","23.07.2014","нет",5,5,9,25,"участник",null,"Хуббетдинова Гульназ Масновиевна","МБОУ \"Многопрофильный лицей №187\"","Биология"]
[788711,"601187_16840067573_26","МБОУ \"Многопрофильный лицей №187\"",16840067573,"Антипов","Артем","Витальевич","м","21.09.2011","нет",8,8,25,33,"призер",null,"Садыкова Лейсан Решитовна","МБОУ \"Многопрофильный лицей №187\"","Биология"]
[788712,"601187_17737459317_26","МБОУ \"Многопрофильный лицей №187\"",17737459317,"Хайруллин","Рамазан","Ринатович","м","16.02.2011","нет",8,8,25,33,"призер",null,"Садыкова Лейсан Решитовна","МБОУ \"Многопрофильный лицей №187\"","Биология"]
[788713,"601187_16647248699_26","МБОУ \"Многопрофильный лицей №187\"",16647248699,"Хисматов","Булат","Русланович","м","06.06.2011","нет",8,8,24,33,"участник",null,"Садыкова Лейсан Решитовна","МБОУ \"Многопрофильный лицей №187\"","Биология"]
[788714,"601187_17025646453_26","МБОУ \"Многопрофильный лицей №187\"",17025646453,"Хамидуллина","Риналия","Рифатовна","ж","31.01.2012","нет",8,8,15,33,"участник",null,"Садыкова Лейсан Решитовна","МБОУ \"Многопрофильный лицей №187\"","Биология"]
[788715,"601187_16890541908_26","МБОУ \"Многопрофильный лицей №187\"",16890541908,"Шабаева","Вилена","Адреевна","ж","15.10.2011","нет",8,8,8,33,"участник",null,"Садыкова Лейсан Решитовна","МБОУ \"Многопрофильный лицей №187\"","Биология"]
[788716,"601187_16362715569_26","МБОУ \"Многопрофильный лицей №187\"",16362715569,"Петрова","Полина","Евгеньевна","ж","17.09.2010","нет",9,9,17,56,"участник",null,"Садыкова Лейсан Решитовна","МБОУ \"Многопрофильный лицей №187\"","Биология"]
[788717,"601187_17083461770_26","МБОУ \"Многопрофильный лицей №187\"",17083461770,"Шарипов","Рияз","Раилевич","м","26.12.2009","нет",9,9,7,56,"участник",null,"Садыкова Лейсан Решитовна","МБОУ \"Многопрофильный лицей №187\"","Биология"]
[788718,"601187_16715903785_26","МБОУ \"Многопрофильный лицей №187\"",16715903785,"Мустафина","Марьям","Ринатовна","ж","14.02.2010","нет",9,9,25,56,"участник",null,"Садыкова Лейсан Решитовна","МБОУ \"Многопрофильный лицей №187\"","Биология"]
[788719,"601187_15641338258_26","МБОУ \"Многопрофильный лицей №187\"",15641338258,"Мухаметзянова","Алсу","Эльнаровна","ж","13.10.2009","нет",9,9,10,56,"участник",null,"Садыкова Лейсан Решитовна","МБОУ \"Многопрофильный лицей №187\"","Биология"]
[788720,"601187_16762155383_26","МБОУ \"Многопрофильный лицей №187\"",16762155383,"Сайранов","Дамир","Рамильевич","м","04.02.2010","нет",9,9,25,56,"участник",null,"Садыкова Лейсан Решитовна","МБОУ \"Многопрофильный лицей №187\"","Биология"]
[788721,"601187_18168830601_26","МБОУ \"Многопрофильный лицей №187\"",18168830601,"Шляхтин","Мартин","Игоревич","м","27.11.2010","нет",9,9,9,56,"участник",null,"Садыкова Лейсан Решитовна","МБОУ \"Многопрофильный лицей №187\"","Биология"]
[788722,"601187_15904929697_26","МБОУ \"Многопрофильный лицей №187\"",15904929697,"Шайнурова","Карина","Ирековна","ж","02.04.2010","нет",9,9,21,56,"участник",null,"Садыкова Лейсан Решитовна","МБОУ \"Многопрофильный лицей №187\"","Биология"]
[788723,"601187_17494138701_26","МБОУ \"Многопрофильный лицей №187\"",17494138701,"Большакова","Ева","Николаевна","ж","21.12.2012","нет",7,7,7,30,"участник",null,"Садыкова Лейсан Решитовна","МБОУ \"Многопрофильный лицей №187\"","Биология"]
[788724,"601187_17173880488_26","МБОУ \"Многопрофильный лицей №187\"",17173880488,"Зарипов","Эмир","Динарович","м","25.04.2012","нет",7,7,12,30,"участник",null,"Садыкова Лейсан Решитовна","МБОУ \"Многопрофильный лицей №187\"","Биология"]
[788725,"601187_17354235971_26","МБОУ \"Многопрофильный лицей №187\"",17354235971,"Мубарашкин","Тамир","Рамилевич","м","06.09.2012","нет",7,7,13,30,"участник",null,"Садыкова Лейсан Решитовна","МБОУ \"Многопрофильный лицей №187\"","Биология"]
[788726,"601187_17438130669_26","МБОУ \"Многопрофильный лицей №187\"",17438130669,"Семенова","Ясмина","Марселева","ж","22.10.2012","нет",7,7,13,30,"участник",null,"Садыкова Лейсан Решитовна","МБОУ \"Многопрофильный лицей №187\"","Биология"]
[788727,"601187_19909876759_26","МБОУ \"Многопрофильный лицей №187\"",19909876759,"Тимершина","Ясмина","Ильнаровна","ж","13.02.2010","нет",9,9,22,56,"участник",null,"Хуббетдинова Гульназ Масновиевна","МБОУ \"Многопрофильный лицей №187\"","Биология"]
[788728,"601187_17725913802_26","МБОУ \"Многопрофильный лицей №187\"",17725913802,"Абсалямова","Зарина","Тимуровна","ж","12.07.2009","нет",10,10,21,63,"участник",null,"Хуббетдинова Гульназ Масновиевна","МБОУ \"Многопрофильный лицей №187\"","Биология"]
[788729,"601187_17003039814_26","МБОУ \"Многопрофильный лицей №187\"",17003039814,"Асанова","Дарья","Евгеньевна","ж","19.08.2009","нет",10,10,19,63,"участник",null,"Хуббетдинова Гульназ Масновиевна","МБОУ \"Многопрофильный лицей №187\"","Биология"]
[788730,"601187_16452294572_26","МБОУ \"Многопрофильный лицей №187\"",16452294572,"Аскарова","Самира","Альбертовна","ж","21.11.2009","нет",10,10,25,63,"участник",null,"Хуббетдинова Гульназ Масновиевна","МБОУ \"Многопрофильный лицей №187\"","Биология"]
[788731,"601187_15547374891_26","МБОУ \"Многопрофильный лицей №187\"",15547374891,"Галеев","Амир","Рафисович","м","13.07.2009","нет",10,10,21,63,"участник",null,"Хуббетдинова Гульназ Масновиевна","МБОУ \"Многопрофильный лицей №187\"","Биология"]
[788732,"601187_18122705948_26","МБОУ \"Многопрофильный лицей №187\"",18122705948,"Сафина","Илина","Илназовна","ж","10.09.2009","нет",10,10,19,63,"участник",null,"Хуббетдинова Гульназ Масновиевна","МБОУ \"Многопрофильный лицей №187\"","Биология"]
[788733,"601187_15327256051_26","МБОУ \"Многопрофильный лицей №187\"",15327256051,"Атабаева","Амалия","Ахметовна","ж","07.01.2009","нет",10,10,17,63,"участник",null,"Хуббетдинова Гульназ Масновиевна","МБОУ \"Многопрофильный лицей №187\"","Биология"]
[788734,"601187_15363240747_26","МБОУ \"Многопрофильный лицей №187\"",15363240747,"Вахитов","Марат","Русланович","м","16.12.2009","нет",10,10,17,63,"участник",null,"Хуббетдинова Гульназ Масновиевна","МБОУ \"Многопрофильный лицей №187\"","Биология"]
[788735,"601187_17438849112_26","МБОУ \"Многопрофильный лицей №187\"",17438849112,"Галиева","Азалия","Робертовна","ж","17.04.2009","нет",10,10,9,63,"участник",null,"Хуббетдинова Гульназ Масновиевна","МБОУ \"Многопрофильный лицей №187\"","Биология"]
[788736,"601187_18162977809_26","МБОУ \"Многопрофильный лицей №187\"",18162977809,"Еремеева","Дарья","Федоровна","ж","30.09.2009","нет",10,10,33,63,"участник",null,"Хуббетдинова Гульназ Масновиевна","МБОУ \"Многопрофильный лицей №187\"","Биология"]
[788737,"601187_17028991182_26","МБОУ \"Многопрофильный лицей №187\"",17028991182,"Закирова","Камилла","Ленаровна","ж","30.06.2009","нет",10,10,14,63,"участник",null,"Хуббетдинова Гульназ Масновиевна","МБОУ \"Многопрофильный лицей №187\"","Биология"]
[788738,"601187_16242872768_26","МБОУ \"Многопрофильный лицей №187\"",16242872768,"Игошин","Савелий","Дмитриевич","м","10.09.2009","нет",10,10,22,63,"участник",null,"Хуббетдинова Гульназ Масновиевна","МБОУ \"Многопрофильный лицей №187\"","Биология"]
[788739,"601187_17182309968_26","МБОУ \"Многопрофильный лицей №187\"",17182309968,"Стеценко","Олег","Артурович","м","14.04.2009","нет",10,10,20,63,"участник",null,"Хуббетдинова Гульназ Масновиевна","МБОУ \"Многопрофильный лицей №187\"","Биология"]
[788740,"601187_15443260243_26","МБОУ \"Многопрофильный лицей №187\"",15443260243,"Хисамова","Диляра","Маратовна","ж","10.02.2009","нет",10,10,32,63,"участник",null,"Хуббетдинова Гульназ Масновиевна","МБОУ \"Многопрофильный лицей №187\"","Биология"]
[788741,"601187_17348842299_26","МБОУ \"Многопрофильный лицей №187\"",17348842299,"Яруллина","Камилла","Ильдаровна","ж","20.09.2009","нет",10,10,9,63,"участник",null,"Хуббетдинова Гульназ Масновиевна","МБОУ \"Многопрофильный лицей №187\"","Биология"]
[788742,"601187_18136839288_26","МБОУ \"Многопрофильный лицей №187\"",18136839288,"Артелин","Арсений","Артурович","м","14.10.2007","нет",11,11,12,70,"участник",null,"Хуббетдинова Гульназ Масновиевна","МБОУ \"Многопрофильный лицей №187\"","Биология"]
[788743,"601187_15778249319_26","МБОУ \"Многопрофильный лицей №187\"",15778249319,"Гайнуллина","Илона","Эдуардовна","ж","14.10.2008","нет",11,11,39,70,"участник",null,"Хуббетдинова Гульназ Масновиевна","МБОУ \"Многопрофильный лицей №187\"","Биология"]
[788744,"601187_17273042152_26","МБОУ \"Многопрофильный лицей №187\"",17273042152,"Гарипова","Зарина","Алмазовна","ж","24.10.2008","нет",11,11,22,70,"участник",null,"Хуббетдинова Гульназ Масновиевна","МБОУ \"Многопрофильный лицей №187\"","Биология"]
[788745,"601187_15646581494_26","МБОУ \"Многопрофильный лицей №187\"",15646581494,"Гасимова","Адиля","Сириновна","ж","14.07.2008","нет",11,11,25,70,"участник",null,"Хуббетдинова Гульназ Масновиевна","МБОУ \"Многопрофильный лицей №187\"","Биология"]
[788746,"601187_16079340471_26","МБОУ \"Многопрофильный лицей №187\"",16079340471,"Зарипов","Асгат","Айдарович","м","15.06.2008","нет",11,11,12,70,"участник",null,"Хуббетдинова Гульназ Масновиевна","МБОУ \"Многопрофильный лицей №187\"","Биология"]
[788747,"601187_16892344007_26","МБОУ \"Многопрофильный лицей №187\"",16892344007,"Муллахметова","Арина","Айдаровна","ж","13.07.2008","нет",11,11,42,70,"призер",null,"Хуббетдинова Гульназ Масновиевна","МБОУ \"Многопрофильный лицей №187\"","Биология"]
[788748,"601187_16840058673_26","МБОУ \"Многопрофильный лицей №187\"",16840058673,"Шарипова","Камиля","Рамилевна","ж","02.04.2008","нет",11,11,19,70,"участник",null,"Хуббетдинова Гульназ Масновиевна","МБОУ \"Многопрофильный лицей №187\"","Биология"]
[788749,"601187_15113784036_26","МБОУ \"Многопрофильный лицей №187\"",15113784036,"Шарафеева","Малика","Рустемовна","ж","16.04.2008","нет",11,11,11,70,"участник","Да","Хуббетдинова Гульназ Масновиевна","МБОУ \"Многопрофильный лицей №187\"","Биология"]
[788750,"601187_18818387932_26","МБОУ \"Многопрофильный лицей №187\"",18818387932,"Черновская","Амалия","Владимировна","ж","26.07.2008","нет",11,11,45,70,"призер",null,"Хуббетдинова Гульназ Масновиевна","МБОУ \"Многопрофильный лицей №187\"","Биология"]
[788751,"601187_16166947697_26","МБОУ \"Многопрофильный лицей №187\"",16166947697,"Галиев","Дамир","Рустемович","м","13.08.2008","нет",11,11,22,70,"участник",null,"Хуббетдинова Гульназ Масновиевна","МБОУ \"Многопрофильный лицей №187\"","Биология"]
[788752,"601187_17825807406_26","МБОУ \"Многопрофильный лицей №187\"",17825807406,"Валиева","Лейла","Ильшатовна","ж","16.01.2008","нет",11,11,42,70,"призер",null,"Хуббетдинова Гульназ Масновиевна","МБОУ \"Многопрофильный лицей №187\"","Биология"]
[788753,"601187_15417843471_26","МБОУ \"Многопрофильный лицей №187\"",15417843471,"Ситдикова","Алина","Рустамовна","ж","16.08.2008","нет",11,11,13,70,"участник",null,"Хуббетдинова Гульназ Масновиевна","МБОУ \"Многопрофильный лицей №187\"","Биология"]
[788754,"601187_19038456283_26","МБОУ \"Многопрофильный лицей №187\"",19038456283,"Абросимова","Аня","Владимировна","ж","11.08.2008","нет",11,11,16,70,"участник",null,"Хуббетдинова Гульназ Масновиевна","МБОУ \"Многопрофильный лицей №187\"","Биология"]
[788755,"601187_18216215851_26","МБОУ \"Многопрофильный лицей №187\"",18216215851,"Антипова","Маргарита","Александровна","ж","19.04.2011","нет",9,9,24,56,"участник",null,"Хуббетдинова Гульназ Масновиевна","МБОУ \"Многопрофильный лицей №187\"","Биология"]
[788756,"601187_15954375811_26","МБОУ \"Многопрофильный лицей №187\"",15954375811,"Тазеев","Карим","Ленарович","м","26.03.2010","нет",9,9,29,56,"участник",null,"Хуббетдинова Гульназ Масновиевна","МБОУ \"Многопрофильный лицей №187\"","Биология"]